LEADER 02110oas 2200781 a 450 001 9910139221803321 005 20251105213014.0 011 $a1468-5973 035 $a(DE-599)ZDB2020585-5 035 $a(OCoLC)37772900 035 $a(CONSER) 2007252083 035 $a(CKB)960238766404 035 $a(EXLCZ)99960238766404 100 $a19971013a19939999 sy a 101 0 $aeng 135 $aurmnu|||||||| 181 $ctxt$2rdacontent 182 $cc$2rdamedia 183 $acr$2rdacarrier 200 10$aJournal of contingencies and crisis management 210 $a[Oxford] $cBlackwell Publishers 215 $a1 online resource 300 $aRefereed/Peer-reviewed 300 $aTitle from journal home page (Business Source Complete, viewed Jul. 27, 2007). 311 08$a0966-0879 517 3 $aContingencies and crisis management 606 $aCrisis management$vPeriodicals 606 $aGestion de crise$vPe?riodiques 606 $aCrisis Management$2ebps 606 $aCrisis management$2fast$3(OCoLC)fst00883617 606 $aGestion de crise$2rasuqam 608 $aPeriodicals.$2fast 608 $aPeriodicals.$2lcgft 608 $aRessource Internet (Descripteur de forme)$2rasuqam 608 $aPe?riodique e?lectronique (Descripteur de forme)$2rasuqam 615 0$aCrisis management 615 6$aGestion de crise 615 7$aCrisis Management. 615 7$aCrisis management. 615 17$aGestion de crise. 676 $a658.4 801 0$bF#A 801 1$bF#A 801 2$bOCL 801 2$bOCLCQ 801 2$bWAU 801 2$bUQ1 801 2$bOCLCQ 801 2$bOCLCF 801 2$bOCLCQ 801 2$bWT2 801 2$bNLE 801 2$bOCLCQ 801 2$bAU@ 801 2$bUKMGB 801 2$bVT2 801 2$bNJT 801 2$bOCLCQ 801 2$bSRU 801 2$bUBY 801 2$bOCLCQ 801 2$bOCLCL 801 2$bYOU 801 2$bOCLCQ 906 $aJOURNAL 912 $a9910139221803321 996 $aJournal of contingencies and crisis management$92037138 997 $aUNINA